[Event "zonal 1.1b"]
[Site "Brussels BEL"]
[Date "1993.??.??"]
[Round "4"]
[White "Vaisser, Anatoli"]
[Black "Relange, Eloi"]
[Result "1-0"]
[WhiteElo "2555"]
[BlackElo "2295"]
[EventDate "1993.04.??"]
[PlyCount "95"]

1.c4 e6 2.g3 d5 3.Nf3 c6 4.Qc2 Nf6 5.Bg2 Nbd7 6.b3 b6 7.Bb2 Bb7 8.O-O Be7 
9.d3 c5 10.cxd5 exd5 11.Nh4 g6 12.e4 O-O 13.Nd2 d4 14.b4 Rc8 15.b5 Ng4 16.
Nhf3 f6 17.a4 Bd6 18.Nh4 Kg7 19.h3 Nh6 20.f4 Bb8 21.Bf3 Qc7 22.Nc4 Rce8 
23.Bc1 Kh8 24.Ng2 g5 25.Bh5 Rd8 26.Qe2 Nf7 27.e5 fxe5 28.fxg5 Nd6 29.Nxe5 
Nf5 30.Nf7+ Rxf7 31.Bxf7 Qxg3 32.Bf4 Bxf4 33.Rxf4 Bxg2 34.Qf2 Bd5+ 35.Qxg3
Nxg3 36.Kf2 Bxf7 37.Rxf7 Nh5 38.Re1 Kg8 39.Ree7 Ne5 40.Rxh7 Rf8+ 41.Ke1 
Ng6 42.Rxa7 Ngf4 43.Kd2 Re8 44.Rhe7 Rf8 45.a5 Nd5 46.Rh7 Rf2+ 47.Ke1 Rh2 
48.g6 1-0

[Event "zonal 1.1b"]
[Site "Brussels BEL"]
[Date "1993.??.??"]
[Round "4"]
[White "Van der Sterren, Paul"]
[Black "Renet, Olivier"]
[Result "1/2-1/2"]
[WhiteElo "2490"]
[BlackElo "2535"]
[EventDate "1993.04.??"]
[PlyCount "34"]

1.d4 Nf6 2.c4 g6 3.Nc3 Bg7 4.e4 d6 5.f3 O-O 6.Be3 e5 7.Nge2 c6 8.Qd2 Nbd7 
9.d5 cxd5 10.Nxd5 Nxd5 11.Qxd5 Nb6 12.Qb5 Bh6 13.Bf2 Bd7 14.Qb3 Na4 15.Nc3
Nxc3 16.Qxc3 Be6 17.Bd3 Qc7 1/2-1/2

[Event "zonal 1.1b"]
[Site "Brussels BEL"]
[Date "1993.??.??"]
[Round "4"]
[White "Wians, Camille"]
[Black "Geenen, Marc"]
[Result "0-1"]
[WhiteElo "2265"]
[BlackElo "2320"]
[EventDate "1993.04.??"]
[PlyCount "80"]

1.d4 Nf6 2.Nf3 g6 3.Bg5 Bg7 4.Nbd2 O-O 5.e3 d6 6.Be2 Qe8 7.O-O e5 8.dxe5 
dxe5 9.e4 h6 10.Be3 b6 11.Ne1 Bb7 12.f3 Nh5 13.Nd3 f5 14.exf5 gxf5 15.f4 
exf4 16.Bxf4 Nxf4 17.Nxf4 Na6 18.Bc4+ Kh7 19.Re1 Qc6 20.Qh5 Qd6 21.Ne6 
Qxd2 22.Re2 Qd6 23.Ng5+ Kh8 24.Nf7+ Rxf7 25.Qxf7 Rf8 26.Re8 Rxe8 27.Qxe8+ 
Qf8 28.Re1 Nc5 29.Re7 Qxe8 30.Rxe8+ Kh7 31.Re7 Kg6 32.c3 Bf8 33.Re8 Bd6 
34.g3 Ne4 35.Bd3 h5 36.Rg8+ Kh7 37.Rb8 Bc6 38.b4 Nxc3 39.Bxf5+ Kg7 40.a3 
Nb5 0-1

[Event "zonal 1.1b"]
[Site "Brussels BEL"]
[Date "1993.??.??"]
[Round "5"]
[White "Dorfman, Iossif"]
[Black "Prie, Eric"]
[Result "1-0"]
[WhiteElo "2580"]
[BlackElo "2470"]
[EventDate "1993.04.??"]
[PlyCount "81"]

1.d4 d5 2.c4 e6 3.Nf3 c6 4.g3 dxc4 5.Bg2 b5 6.Ne5 Bb7 7.a4 f6 8.Nf3 Bb4+ 
9.Nc3 Ne7 10.O-O Bxc3 11.bxc3 Nd5 12.Qc2 O-O 13.e4 Nb6 14.e5 f5 15.Ng5 Qd7
16.axb5 h6 17.bxc6 Bxc6 18.Nf3 Be4 19.Qd1 Nd5 20.Ra3 Qc6 21.Re1 Bd3 22.Nh4
Na6 23.Ng6 Rf7 24.Bxd5 exd5 25.e6 Rc7 26.Ne5 Qb5 27.Qh5 Re7 28.Qg6 Nc7 29.
Bxh6 Qe8 30.Qf7+ Kh7 31.Qxe8 Rexe8 32.Bf4 Nb5 33.Nxd3 Nxa3 34.Nb4 Nb5 35.
Nxd5 a5 36.Rb1 Na3 37.Rb6 a4 38.Nc7 Nc2 39.Nxa8 Rxa8 40.Rb2 a3 41.Rxc2 1-0

[Event "zonal 1.1b"]
[Site "Brussels BEL"]
[Date "1993.??.??"]
[Round "5"]
[White "Dutreeuw, Marc"]
[Black "Van der Wiel, John"]
[Result "1/2-1/2"]
[WhiteElo "2450"]
[BlackElo "2555"]
[EventDate "1993.04.??"]
[PlyCount "49"]

1.e4 c5 2.Nf3 d6 3.d4 cxd4 4.Nxd4 Nf6 5.Nc3 Nc6 6.Bg5 e6 7.Qd2 a6 8.O-O-O 
Bd7 9.Be2 Rc8 10.Rhe1 h6 11.Be3 Na5 12.f3 b5 13.Bd3 Nc4 14.Bxc4 Rxc4 15.g4
Qc7 16.Kb1 b4 17.Nce2 a5 18.h4 g6 19.Nc1 Bg7 20.b3 Rc3 21.Nd3 h5 22.g5 Nh7
23.Ne2 O-O 24.Bd4 Rc8 25.Rc1 1/2-1/2

[Event "zonal 1.1b"]
[Site "Brussels BEL"]
[Date "1993.??.??"]
[Round "5"]
[White "Geenen, Marc"]
[Black "Apicella, Manuel"]
[Result "1/2-1/2"]
[WhiteElo "2320"]
[BlackElo "2495"]
[EventDate "1993.04.??"]
[PlyCount "60"]

1.e4 e6 2.d4 d5 3.Nd2 Nf6 4.e5 Nfd7 5.c3 c5 6.Bd3 Nc6 7.Ne2 cxd4 8.cxd4 f6
9.exf6 Nxf6 10.Nf3 Bd6 11.O-O O-O 12.Bf4 Bxf4 13.Nxf4 Ne4 14.Ne2 Rxf3 15.
gxf3 Ng5 16.Kh1 e5 17.dxe5 Nxe5 18.Ng1 Qf6 19.Be2 Bd7 20.Qd4 Rf8 21.f4 
Qxf4 22.Qxf4 Rxf4 23.Kg2 d4 24.f3 d3 25.Bd1 Kf7 26.Bb3+ Kf6 27.Bd5 b6 28.
h4 Rxh4 29.f4 Rg4+ 30.Kh2 Rh4+ 1/2-1/2

[Event "zonal 1.1b"]
[Site "Brussels BEL"]
[Date "1993.??.??"]
[Round "5"]
[White "Le Quang, Kim"]
[Black "Wians, Camille"]
[Result "0-1"]
[WhiteElo "2215"]
[BlackElo "2265"]
[EventDate "1993.04.??"]
[PlyCount "76"]

1.e4 c5 2.Nf3 d6 3.d4 cxd4 4.Nxd4 Nf6 5.Nc3 a6 6.f4 Nbd7 7.Be2 e5 8.Nf5 
Nc5 9.Ng3 Qb6 10.Rb1 Be7 11.Be3 exf4 12.Bxf4 Ncxe4 13.Ncxe4 Nxe4 14.Nxe4 
Qb4+ 15.Nc3 Qxf4 16.Nd5 Qh4+ 17.g3 Qe4 18.O-O Be6 19.Nc7+ Kd7 20.Nxa8 Rxa8
21.Re1 Qc6 22.c4 Bd8 23.Bf3 Qxc4 24.b3 Qb4 25.a3 Qb6+ 26.Kh1 Rc8 27.b4 Bf6
28.Qe2 Rc3 29.b5 a5 30.Bg4 d5 31.Rbd1 Qd6 32.Bf3 h5 33.Bg2 h4 34.b6 hxg3 
35.Rxd5 Qxd5 36.Rd1 Bd4 37.hxg3 Rc2 38.Bxd5 Bxd5+ 0-1

[Event "zonal 1.1b"]
[Site "Brussels BEL"]
[Date "1993.??.??"]
[Round "5"]
[White "Nijboer, Friso"]
[Black "Van der Sterren, Paul"]
[Result "1/2-1/2"]
[WhiteElo "2505"]
[BlackElo "2490"]
[EventDate "1993.04.??"]
[PlyCount "48"]

1.e4 e5 2.Nf3 Nc6 3.Bb5 a6 4.Ba4 Nf6 5.O-O Be7 6.Bxc6 dxc6 7.d3 Nd7 8.b3 
O-O 9.Bb2 f6 10.Nbd2 Nc5 11.d4 exd4 12.Nxd4 Qe8 13.Qe2 Bd6 14.Rae1 Bd7 15.
Nc4 Qf7 16.Nxd6 cxd6 17.c4 d5 18.Ba3 b6 19.exd5 cxd5 20.Qe7 Nd3 21.Re3 
dxc4 22.Qxf7+ Rxf7 23.bxc4 Ne5 24.Rc1 Rc8 1/2-1/2

[Event "zonal 1.1b"]
[Site "Brussels BEL"]
[Date "1993.??.??"]
[Round "5"]
[White "Reinderman, Dimitri"]
[Black "David, Alberto"]
[Result "1/2-1/2"]
[WhiteElo "2415"]
[BlackElo "2380"]
[EventDate "1993.04.??"]
[PlyCount "50"]

1.f4 g6 2.Nf3 d5 3.g3 Bg7 4.Bg2 Nh6 5.O-O O-O 6.d3 d4 7.c3 c5 8.e4 dxe3 9.
Bxe3 Qc7 10.Kh1 b6 11.a4 Nc6 12.Na3 Bb7 13.Nc4 Rad8 14.Qc2 Nf5 15.Bg1 Nd6 
16.Ne3 e6 17.h3 Nf5 18.Nxf5 exf5 19.Rfe1 Rfe8 20.Rad1 Qd7 21.Rxe8+ Rxe8 
22.Bf2 Na5 23.Ne1 Bd5 24.Bxd5 Qxd5+ 25.Kg1 h5 1/2-1/2

[Event "zonal 1.1b"]
[Site "Brussels BEL"]
[Date "1993.??.??"]
[Round "5"]
[White "Relange, Eloi"]
[Black "Berend, Fred"]
[Result "0-1"]
[WhiteElo "2295"]
[BlackElo "2305"]
[EventDate "1993.04.??"]
[PlyCount "68"]

1.e4 c5 2.c3 e6 3.d4 d5 4.e5 Nc6 5.Nf3 Nh6 6.a3 Nf5 7.b4 cxd4 8.cxd4 Qb6 
9.Bb2 Bd7 10.Be2 Be7 11.O-O h5 12.Qd2 g5 13.Rd1 g4 14.Ne1 Rg8 15.Nc2 Bg5 
16.Qe1 Rc8 17.Bc3 Nce7 18.a4 Nh4 19.Kh1 Nef5 20.Ra2 Qd8 21.b5 f6 22.b6 a6 
23.Ba5 fxe5 24.Bxa6 Nxg2 25.Qf1 bxa6 26.b7 Qxa5 27.bxc8=Q+ Bxc8 28.Qxg2 
Bf4 29.dxe5 Nh4 30.Qf1 d4 31.Qc4 Bb7+ 32.Kg1 Qxe5 33.f3 Nxf3+ 34.Kf2 g3+ 
0-1

[Event "zonal 1.1b"]
[Site "Brussels BEL"]
[Date "1993.??.??"]
[Round "5"]
[White "Sosonko, Gennadi"]
[Black "Bosboom, Manuel"]
[Result "1/2-1/2"]
[WhiteElo "2535"]
[BlackElo "2425"]
[EventDate "1993.04.??"]
[PlyCount "37"]

1.d4 Nf6 2.c4 c5 3.d5 b5 4.Nd2 d6 5.e4 bxc4 6.Bxc4 g6 7.Ngf3 Bg7 8.O-O O-O
9.Rb1 Bg4 10.Re1 Nbd7 11.h3 Bxf3 12.Nxf3 Rb8 13.b3 Nh5 14.g4 Nhf6 15.Bf4 
h5 16.e5 dxe5 17.Nxe5 Nxe5 18.Bxe5 Rb6 19.f3 1/2-1/2

[Event "zonal 1.1b"]
[Site "Brussels BEL"]
[Date "1993.??.??"]
[Round "5"]
[White "Van Wely, Loek"]
[Black "Meulders, Richard"]
[Result "1-0"]
[WhiteElo "2560"]
[BlackElo "2330"]
[EventDate "1993.04.??"]
[PlyCount "79"]

1.d4 e6 2.e4 c5 3.d5 exd5 4.exd5 d6 5.Nc3 Nf6 6.Nf3 Be7 7.Be2 O-O 8.O-O 
Na6 9.h3 Nc7 10.a4 Rb8 11.Bf4 b6 12.Bb5 a6 13.Bc6 Bd7 14.Re1 Re8 15.Qd2 
Bxc6 16.dxc6 Ne6 17.Rad1 Rc8 18.Bxd6 Rxc6 19.Bg3 Qxd2 20.Rxd2 Rcc8 21.Red1
h6 22.Be5 Rcd8 23.Bxf6 Bxf6 24.Nd5 Bd4 25.Nxb6 Bxb2 26.Rxd8 Rxd8 27.Rxd8+ 
Nxd8 28.Kf1 Ne6 29.g3 Kf8 30.Ke2 Ke8 31.Kd3 Kd8 32.c3 Bc1 33.Ne5 Kc7 34.
Nbc4 f6 35.Ng6 h5 36.f4 h4 37.Nxh4 g5 38.fxg5 fxg5 39.Nf5 g4 40.h4 1-0

[Event "zonal 1.1b"]
[Site "Brussels BEL"]
[Date "1993.??.??"]
[Round "5"]
[White "Vandevoort, Pascal"]
[Black "Blees, Albert"]
[Result "1-0"]
[WhiteElo "2310"]
[BlackElo "2405"]
[EventDate "1993.04.??"]
[PlyCount "81"]

1.b3 e5 2.Bb2 d6 3.c4 c5 4.g3 Nc6 5.Bg2 g6 6.Nc3 Bg7 7.d3 Nge7 8.Nf3 O-O 
9.O-O h6 10.e3 Be6 11.Nd2 Qd7 12.Re1 Rad8 13.a3 Bh3 14.Bh1 f5 15.Nd5 Rde8 
16.b4 g5 17.Qa4 Ng6 18.bxc5 dxc5 19.Qb5 Rc8 20.Qxc5 Nd4 21.Nb6 axb6 22.
Qd5+ Rf7 23.exd4 Qe8 24.dxe5 Rd8 25.Qf3 Nxe5 26.Bxe5 Bxe5 27.Qh5 Bg4 28.
Qxh6 Re7 29.Qxg5+ Kh7 30.Nf3 Bd6 31.Rxe7+ Bxe7 32.Qe3 Qd7 33.Re1 Bxa3 34.
Ng5+ Kg6 35.Ne6 Rg8 36.Bd5 Bd6 37.Qg5+ Kh7 38.Qh4+ Kg6 39.h3 Be7 40.Nf4+ 
Kg7 41.Rxe7+ 1-0

[Event "zonal 1.1b"]
[Site "Brussels BEL"]
[Date "1993.??.??"]
[Round "5"]
[White "Winkler, Caroline"]
[Black "Collin, Denis"]
[Result "1-0"]
[WhiteElo "2110"]
[BlackElo "2265"]
[EventDate "1993.04.??"]
[PlyCount "66"]

1.e4 c6 2.d4 d5 3.exd5 cxd5 4.Bd3 Nc6 5.c3 Nf6 6.Bf4 g6 7.h3 Bf5 8.Bxf5 
gxf5 9.Ne2 e6 10.Nd2 Be7 11.Ng3 Rc8 12.Nh5 Qb6 13.Nxf6+ Bxf6 14.Nb3 Na5 
15.g4 Nc4 16.Qe2 fxg4 17.hxg4 a5 18.Rb1 Qc6 19.Nc5 b6 20.Nd3 b5 21.a3 Qb6 
22.Rd1 Be7 23.Be5 f6 24.Bg3 b4 25.axb4 axb4 26.Nf4 bxc3 27.bxc3 Rc6 28.Ng6
Rg8 29.Nxe7 Kxe7 30.Rxh7+ Kf8 31.Qf3 Qd8 32.Rb1 Rb6 33.Rxb6 Nxb6 1-0

[Event "zonal 1.1b"]
[Site "Brussels BEL"]
[Date "1993.??.??"]
[Round "6"]
[White "Berend, Fred"]
[Black "Bricard, Emmanuel"]
[Result "1-0"]
[WhiteElo "2305"]
[BlackElo "2460"]
[EventDate "1993.04.??"]
[PlyCount "79"]

1.Nf3 d6 2.e4 Nf6 3.Nc3 e5 4.d4 Nbd7 5.Bc4 Be7 6.O-O O-O 7.a4 c6 8.Qe2 
exd4 9.Nxd4 Re8 10.Nf3 Bf8 11.Re1 Nc5 12.e5 Ng4 13.Bf4 d5 14.Ba2 Qb6 15.h3
Ne6 16.Bd2 Nh6 17.Bxd5 cxd5 18.Bxh6 d4 19.Ne4 f5 20.exf6 gxh6 21.Ne5 Nd8 
22.f7+ Nxf7 23.Nxf7 Bf5 24.Nfd6 Qxd6 25.Nxd6 Rxe2 26.Nxf5 Rxc2 27.Nxd4 
Rxb2 28.Rab1 Rxb1 29.Rxb1 b6 30.Rc1 Re8 31.Nc6 a5 32.Rc4 Re6 33.Kf1 Bd6 
34.g3 Kf8 35.Kg2 Ke8 36.Nd4 Re1 37.Nf5 Bb4 38.Rc7 Bc5 39.Kf3 Rf1 40.Ng7+ 
1-0

[Event "zonal 1.1b"]
[Site "Brussels BEL"]
[Date "1993.??.??"]
[Round "6"]
[White "Blees, Albert"]
[Black "Meulders, Richard"]
[Result "0-1"]
[WhiteElo "2405"]
[BlackElo "2330"]
[EventDate "1993.04.??"]
[PlyCount "80"]

1.d4 Nf6 2.c4 d6 3.Nc3 e5 4.Nf3 Nbd7 5.e4 Be7 6.Be2 O-O 7.O-O c6 8.h3 a6 
9.Be3 Qc7 10.d5 c5 11.Rb1 Ne8 12.b4 g6 13.Na4 b6 14.bxc5 dxc5 15.Bh6 Ng7 
16.Rb3 Qd6 17.Qd2 Rb8 18.Rfb1 Bd8 19.Nh2 Nf6 20.Qe3 Bc7 21.Nb2 Nxe4 22.g4 
f5 23.Nd3 Bd7 24.f4 g5 25.Bxg7 exf4 26.Bxf8 Rxf8 27.Qf3 Nd2 28.Qg2 fxg4 
29.hxg4 b5 30.Nf2 bxc4 31.Rb7 Nxb1 32.Rxb1 c3 33.Bd3 c4 34.Bc2 f3 35.Qh3 
Rf7 36.Rd1 h5 37.Nxf3 Qf4 38.Rd4 Qxf3 39.Qxf3 Rxf3 40.Kg2 Rxf2+ 0-1

[Event "zonal 1.1b"]
[Site "Brussels BEL"]
[Date "1993.??.??"]
[Round "6"]
[White "Bosboom, Manuel"]
[Black "Geenen, Marc"]
[Result "1-0"]
[WhiteElo "2425"]
[BlackElo "2320"]
[EventDate "1993.04.??"]
[PlyCount "87"]

1.e4 e5 2.Bc4 Nf6 3.d3 Nc6 4.Nf3 Be7 5.O-O O-O 6.h3 d5 7.exd5 Nxd5 8.Re1 
Nb6 9.Bb3 a5 10.a4 Nd4 11.Nxd4 exd4 12.Nd2 Bd7 13.Ne4 Bc6 14.Qg4 Qd7 15.
Qg3 Kh8 16.Bf4 Rac8 17.Ng5 Nd5 18.Bd2 Bd6 19.Qh4 Qf5 20.Nf3 Qg6 21.Qg4 Ra8
22.Nxd4 Bc5 23.Nxc6 Qxc6 24.Qf3 Nb4 25.Qxc6 Nxc6 26.c3 f6 27.d4 Bd6 28.Bc4
Ne7 29.g3 Rad8 30.Kg2 c5 31.dxc5 Bxc5 32.Re2 Nf5 33.Rae1 Nd6 34.Bb3 f5 35.
Bg5 Rc8 36.Bd5 Ne4 37.Be3 Bxe3 38.Rxe3 Nd6 39.Re7 Rb8 40.Rd7 Rfd8 41.Ree7 
Rxd7 42.Rxd7 Ne8 43.Rxb7 Rd8 44.Bc6 1-0

[Event "zonal 1.1b"]
[Site "Brussels BEL"]
[Date "1993.??.??"]
[Round "6"]
[White "Dorfman, Iossif"]
[Black "Renet, Olivier"]
[Result "1/2-1/2"]
[WhiteElo "2580"]
[BlackElo "2535"]
[EventDate "1993.04.??"]
[PlyCount "39"]

1.d4 Nf6 2.c4 g6 3.g3 Bg7 4.Bg2 O-O 5.Nc3 d6 6.Nf3 Nbd7 7.O-O e5 8.e4 c6 
9.h3 Qb6 10.c5 dxc5 11.dxe5 Ne8 12.e6 fxe6 13.Ng5 Ne5 14.f4 c4+ 15.Kh2 h6 
16.Nf3 Nxf3+ 17.Rxf3 e5 18.Qe2 Be6 19.Be3 Qa5 20.f5 1/2-1/2

[Event "zonal 1.1b"]
[Site "Brussels BEL"]
[Date "1993.??.??"]
[Round "6"]
[White "Dutreeuw, Marc"]
[Black "Nijboer, Friso"]
[Result "0-1"]
[WhiteElo "2450"]
[BlackElo "2505"]
[EventDate "1993.04.??"]
[PlyCount "176"]

1.e4 c5 2.Nf3 Nc6 3.d4 cxd4 4.Nxd4 Nf6 5.Nc3 e5 6.Ndb5 d6 7.Bg5 a6 8.Na3 
b5 9.Bxf6 gxf6 10.Nd5 f5 11.Bd3 Be6 12.O-O Bxd5 13.exd5 Ne7 14.Nxb5 Bg7 
15.Nc3 e4 16.Bc4 Qa5 17.Ne2 Bxb2 18.Rb1 Be5 19.Rb7 f4 20.Kh1 Qc5 21.Bb3 
Rg8 22.c4 Qc8 23.Ba4+ Kf8 24.Rd7 Qxc4 25.Bb3 Qc8 26.Ba4 Qc4 27.Bb3 Qb5 28.
Ba4 Qxd5 29.Qxd5 Nxd5 30.Bc6 Nf6 31.Bxa8 Nxd7 32.Bxe4 Nc5 33.Bd5 Ke7 34.
Rb1 Rc8 35.Kg1 Rc7 36.Kf1 Nd7 37.Ke1 f5 38.f3 Nf6 39.Bb3 a5 40.Kd2 d5 41.
Bc2 Kd6 42.Bxf5 Rg7 43.Bh3 Kc6 44.Kd3 Ne8 45.Rd1 Nd6 46.Nd4+ Bxd4 47.Kxd4 
Nb5+ 48.Kd3 Kc5 49.Rc1+ Kd6 50.Rb1 Na7 51.Rb8 Nc6 52.Rf8 Ne5+ 53.Kd4 Nc6+ 
54.Kd3 Ne5+ 55.Kd4 Nc6+ 56.Kc3 Re7 57.Rxf4 Re3+ 58.Kb2 Nb4 59.Rf6+ Kc5 60.
Re6 d4 61.Bf5 Nd3+ 62.Kc2 Ne1+ 63.Kd2 Rxe6 64.Bxe6 Nxg2 65.Bg8 h5 66.Kd3 
h4 67.Ke4 Ne3 68.Be6 Nf1 69.h3 Nd2+ 70.Kf4 a4 71.Bg4 a3 72.Ke5 Nc4+ 73.Ke4
Ne3 74.Be6 Nd1 75.f4 Nc3+ 76.Kd3 Nd5 77.Ke4 Nc3+ 78.Ke5 d3 79.f5 d2 80.Bb3
Nd5 81.Ke4 Nc3+ 82.Ke5 Nxa2 83.f6 Kb4 84.Bd1 Nc3 85.f7 Nxd1 86.f8=Q+ Kb3 
87.Qf3+ Nc3 88.Qf7+ Kb2 0-1

[Event "zonal 1.1b"]
[Site "Brussels BEL"]
[Date "1993.??.??"]
[Round "6"]
[White "Hartoch, Robert"]
[Black "Vandevoort, Pascal"]
[Result "1/2-1/2"]
[WhiteElo "2355"]
[BlackElo "2310"]
[EventDate "1993.04.??"]
[PlyCount "44"]

1.Nf3 Nf6 2.g3 g6 3.b3 Bg7 4.Bb2 O-O 5.Bg2 d6 6.d4 Nbd7 7.O-O e5 8.dxe5 
Ng4 9.Nc3 dxe5 10.e4 c6 11.Qe2 Re8 12.Rfd1 Qe7 13.Nd2 Nf8 14.Nc4 Ne6 15.h3
Nd4 16.Qd3 b5 17.Nd2 Nf6 18.Ne2 Nxe2+ 19.Qxe2 Qc5 20.c4 a5 21.cxb5 cxb5 
22.Rac1 Qb6 1/2-1/2

[Event "zonal 1.1b"]
[Site "Brussels BEL"]
[Date "1993.??.??"]
[Round "6"]
[White "Seknadje, Jose"]
[Black "Relange, Eloi"]
[Result "0-1"]
[WhiteElo "2210"]
[BlackElo "2295"]
[EventDate "1993.04.??"]
[PlyCount "106"]

1.e4 d5 2.exd5 Qxd5 3.Nc3 Qa5 4.Nf3 Nf6 5.Be2 Nc6 6.O-O Bg4 7.h3 Bh5 8.d3 
e5 9.Bd2 Be7 10.a3 Qc5 11.b4 Qd6 12.b5 Nd8 13.Ng5 Bg6 14.Nge4 Nxe4 15.dxe4
Ne6 16.Be3 O-O 17.Qxd6 Bxd6 18.f3 Nd4 19.Bd3 Rfd8 20.f4 f6 21.f5 Bf7 22.
Bf2 Rac8 23.Nd1 c6 24.bxc6 Rxc6 25.Ne3 Rc3 26.a4 Bc5 27.Nd1 Nxc2 28.Nxc3 
Bxf2+ 29.Kxf2 Nxa1 30.Nd5 Nb3 31.Rd1 Nc5 32.Bc2 Kf8 33.a5 Bxd5 34.exd5 Ke7
35.Ke3 Kd6 36.Rb1 Rd7 37.Be4 Rc7 38.Rb4 Na6 39.Rb5 Rc3+ 40.Kd2 Rc7 41.Ke3 
Nc5 42.Rb4 Nxe4 43.Kxe4 g6 44.g4 gxf5+ 45.Kxf5 Kxd5 46.Kxf6 e4 47.g5 e3 
48.h4 Rc4 49.Rxb7 Rf4+ 50.Kg7 e2 51.Rb5+ Ke6 52.Rb8 Rf7+ 53.Kg8 e1=Q 0-1

[Event "zonal 1.1b"]
[Site "Brussels BEL"]
[Date "1993.??.??"]
[Round "6"]
[White "Vaisser, Anatoli"]
[Black "Van der Sterren, Paul"]
[Result "1/2-1/2"]
[WhiteElo "2555"]
[BlackElo "2490"]
[EventDate "1993.04.??"]
[PlyCount "53"]

1.d4 Nf6 2.c4 e6 3.Nc3 Bb4 4.e3 O-O 5.Bd3 d5 6.Nf3 c5 7.O-O cxd4 8.exd4 
dxc4 9.Bxc4 b6 10.Bg5 Bb7 11.Rc1 Nc6 12.a3 Be7 13.Qd3 Rc8 14.Rfd1 Nd5 15.
Bxd5 Bxg5 16.Nxg5 Qxg5 17.Be4 h6 18.Qe3 Na5 19.Bxb7 Nxb7 20.f4 Qf5 21.d5 
Rfe8 22.d6 Red8 23.Qe5 f6 24.Qxf5 exf5 25.Nb5 Rxc1 26.Rxc1 a6 27.Nc7 
1/2-1/2

[Event "zonal 1.1b"]
[Site "Brussels BEL"]
[Date "1993.??.??"]
[Round "6"]
[White "Van der Wiel, John"]
[Black "Reinderman, Dimitri"]
[Result "1-0"]
[WhiteElo "2555"]
[BlackElo "2415"]
[EventDate "1993.04.??"]
[PlyCount "57"]

1.e4 c5 2.Nf3 Nc6 3.d4 cxd4 4.Nxd4 Nf6 5.Nc3 e5 6.Ndb5 d6 7.Bg5 a6 8.Na3 
b5 9.Bxf6 gxf6 10.Nd5 f5 11.Bd3 Be6 12.Qh5 Rg8 13.c3 Rxg2 14.Qf3 Rg4 15.
exf5 Bxd5 16.Qxd5 Ne7 17.Qb7 Bh6 18.f6 Ng6 19.Rd1 Nh4 20.Be2 Rg6 21.Qc6+ 
Kf8 22.Rxd6 Qe8 23.Qxe8+ Kxe8 24.Bd3 Rg4 25.Rxa6 Rd8 26.Ke2 Ng2 27.Bxb5+ 
Kf8 28.Rd1 e4 29.Rxd8# 1-0

[Event "zonal 1.1b"]
[Site "Brussels BEL"]
[Date "1993.??.??"]
[Round "6"]
[White "Wians, Camille"]
[Black "Sosonko, Gennadi"]
[Result "1/2-1/2"]
[WhiteElo "2265"]
[BlackElo "2535"]
[EventDate "1993.04.??"]
[PlyCount "50"]

1.e4 c5 2.Nf3 d6 3.c3 Nf6 4.Be2 g6 5.O-O Bg7 6.d3 O-O 7.Nbd2 Nc6 8.a3 Qc7 
9.d4 cxd4 10.cxd4 d5 11.e5 Ne4 12.Nxe4 dxe4 13.Ng5 Rd8 14.Be3 h6 15.Nxe4 
Bxe5 16.Rc1 Bxh2+ 17.Kh1 Bf4 18.Bc4 Rf8 19.Qf3 Bxe3 20.fxe3 Bf5 21.Ng3 Be6
22.Bxe6 fxe6 23.Qg4 Kh7 24.Ne2 Qa5 25.b4 Qh5+ 1/2-1/2

[Event "zonal 1.1b"]
[Site "Brussels BEL"]
[Date "1993.??.??"]
[Round "7"]
[White "Apicella, Manuel"]
[Black "Prie, Eric"]
[Result "1/2-1/2"]
[WhiteElo "2495"]
[BlackElo "2470"]
[EventDate "1993.04.??"]
[PlyCount "97"]

1.e4 d5 2.exd5 Qxd5 3.Nc3 Qa5 4.d4 Nf6 5.Nf3 Bf5 6.Ne5 c6 7.Bc4 e6 8.g4 
Bg6 9.h4 Nbd7 10.Nxd7 Nxd7 11.h5 Be4 12.Rg1 Nb6 13.Be2 Na4 14.Bd2 Nxc3 15.
bxc3 h6 16.Bd3 Bxd3 17.cxd3 O-O-O 18.Qf3 Rd7 19.Kf1 Ba3 20.Rb1 Be7 21.Rb2 
Bg5 22.Be1 Rhd8 23.Kg2 Qa3 24.Re2 Qe7 25.Qe4 c5 26.f4 Bf6 27.Bg3 cxd4 28.
g5 hxg5 29.fxg5 Bxg5 30.cxd4 Rc7 31.Bxc7 Qxc7 32.Rb1 Rd5 33.Rb4 Kd8 34.Rc4
Qd6 35.Rc5 Rxd4 36.Qe5 Qxe5 37.Rexe5 Bf6 38.Re3 Ra4 39.Re2 b6 40.Rc1 Be7 
41.Kf3 Ra5 42.Rh1 Rd5 43.Rg2 Bg5 44.Ke2 Kc7 45.Rg4 Ra5 46.a4 Bh6 47.Rc4+ 
Kd6 48.Rch4 Re5+ 49.Kd1 1/2-1/2

[Event "zonal 1.1b"]
[Site "Brussels BEL"]
[Date "1993.??.??"]
[Round "7"]
[White "Ballester"]
[Black "Seknadje, Jose"]
[Result "1-0"]
[WhiteElo "2225"]
[BlackElo "2210"]
[EventDate "1993.04.??"]
[PlyCount "81"]

1.e4 e6 2.d4 d5 3.e5 c5 4.c3 Nc6 5.Nf3 Bd7 6.Be2 f6 7.O-O fxe5 8.Nxe5 Nxe5
9.dxe5 Qc7 10.f4 O-O-O 11.Be3 Nh6 12.Kh1 Be7 13.a4 Nf5 14.Bg1 h5 15.Na3 h4
16.Bg4 h3 17.g3 Bc6 18.Bf3 Qb8 19.b4 cxb4 20.cxb4 Bxb4 21.Nb5 a6 22.Qb3 
Ba5 23.Rfc1 Kd7 24.Na7 Qa8 25.Rc2 Ne7 26.Qa3 Ke8 27.Bc5 Nc8 28.Nxc6 bxc6 
29.Rac1 Kf7 30.Bg4 Rde8 31.f5 exf5 32.Bxf5 Rxe5 33.Rf1 Kg8 34.Bh7+ Kxh7 
35.Qd3+ Re4 36.Qf3 Re5 37.Bd4 Qb8 38.Qg4 Qd6 39.Qxh3+ Qh6 40.Qxh6+ gxh6 
41.Bxe5 1-0

[Event "zonal 1.1b"]
[Site "Brussels BEL"]
[Date "1993.??.??"]
[Round "7"]
[White "Berend, Fred"]
[Black "Vaisser, Anatoli"]
[Result "0-1"]
[WhiteElo "2305"]
[BlackElo "2555"]
[EventDate "1993.04.??"]
[PlyCount "64"]

1.e4 c5 2.Nf3 e6 3.Nc3 Nc6 4.Bb5 Nd4 5.Ba4 Qa5 6.a3 b5 7.Bb3 Bb7 8.Ba2 Nf6
9.O-O Nxe4 10.Nxe4 Bxe4 11.Nxd4 cxd4 12.Re1 Bb7 13.Qh5 Qb6 14.Bd5 Be7 15.
Bxb7 Qxb7 16.a4 b4 17.b3 O-O 18.Bb2 Bf6 19.Qg4 e5 20.d3 d6 21.Re2 g6 22.f4
Qc8 23.Qg3 Bg7 24.Rf1 f5 25.fxe5 dxe5 26.Rxe5 Qxc2 27.Bxd4 Rad8 28.Ba1 
Rxd3 29.Qh4 Bxe5 30.Bxe5 Qc5+ 31.Kh1 Qxe5 32.Qc4+ Qd5 0-1

[Event "zonal 1.1b"]
[Site "Brussels BEL"]
[Date "1993.??.??"]
[Round "7"]
[White "David, Alberto"]
[Black "Bosboom, Manuel"]
[Result "1/2-1/2"]
[WhiteElo "2380"]
[BlackElo "2425"]
[EventDate "1993.04.??"]
[PlyCount "93"]

1.e4 c5 2.Nf3 e6 3.b3 b6 4.c4 Bb7 5.Nc3 Nc6 6.g3 Nf6 7.Bg2 d5 8.cxd5 exd5 
9.e5 Ne4 10.O-O Be7 11.Ne2 d4 12.Nf4 O-O 13.Re1 Ng5 14.d3 Ne6 15.Nxe6 fxe6
16.Nd2 Qd7 17.a3 Nd8 18.Ne4 Bd5 19.Rb1 Nc6 20.f4 Rac8 21.h4 b5 22.h5 h6 
23.Qg4 Kh8 24.Nd6 Bxg2 25.Nxc8 Bd5 26.Nxe7 Nxe7 27.Bd2 Bc6 28.Qe2 Nf5 29.
Qh2 Qd5 30.Re4 c4 31.bxc4 bxc4 32.g4 cxd3 33.Rbe1 Ne3 34.Rxd4 Qxd4 35.Bxe3
Qe4 36.Bd2 Qf3 37.Re3 Qxg4+ 38.Qg3 Qd1+ 39.Qe1 Qxh5 40.Rxd3 Qh1+ 41.Kf2 
Rxf4+ 42.Bxf4 Qg2+ 43.Ke3 Qf3+ 44.Kd2 Qxf4+ 45.Qe3 Qh4 46.Rd6 Bd5 47.Ra6 
1/2-1/2

[Event "zonal 1.1b"]
[Site "Brussels BEL"]
[Date "1993.??.??"]
[Round "7"]
[White "Reinderman, Dimitri"]
[Black "Hauchard, Arnaud"]
[Result "1-0"]
[WhiteElo "2415"]
[BlackElo "2450"]
[EventDate "1993.04.??"]
[PlyCount "93"]

1.c4 e6 2.Nc3 Nf6 3.e4 d5 4.e5 d4 5.exf6 dxc3 6.bxc3 Qxf6 7.d4 e5 8.Nf3 
exd4 9.Bg5 Qe6+ 10.Be2 f6 11.Nxd4 Qf7 12.Bf4 Bc5 13.O-O O-O 14.Nb5 Na6 15.
Qd5 c6 16.Qxf7+ Rxf7 17.Nd6 Re7 18.Rfe1 g5 19.Bg3 f5 20.h4 f4 21.Nxc8 Rxc8
22.Bh2 Rce8 23.Kf1 h6 24.g3 Bd6 25.gxf4 Nc5 26.Red1 Bc7 27.Bg4 Rf8 28.Rd4 
Ref7 29.hxg5 hxg5 30.f3 Bxf4 31.Bxf4 Rxf4 32.Re1 Ne4 33.Rd7 Nxc3 34.Ree7 
R8f6 35.Kg2 Kf8 36.Bh5 Kg8 37.Rg7+ Kh8 38.Rh7+ Kg8 39.Rdg7+ Kf8 40.Rxb7 
Kg8 41.Rbg7+ Kf8 42.Rc7 Kg8 43.Rcg7+ Kf8 44.Rxa7 Kg8 45.Rhg7+ Kh8 46.Rge7 
Kg8 47.a4 1-0

[Event "zonal 1.1b"]
[Site "Brussels BEL"]
[Date "1993.??.??"]
[Round "7"]
[White "Relange, Eloi"]
[Black "Le Quang, Kim"]
[Result "1-0"]
[WhiteElo "2295"]
[BlackElo "2215"]
[EventDate "1993.04.??"]
[PlyCount "56"]

1.e4 c5 2.Nf3 e6 3.c3 Nf6 4.e5 Nd5 5.g3 d6 6.Bg2 Nc6 7.Qe2 Be7 8.exd6 Qxd6
9.O-O O-O 10.d3 Re8 11.Na3 Bf8 12.d4 cxd4 13.Nb5 Qd8 14.Nbxd4 Nxd4 15.Nxd4
e5 16.Nb3 Nb6 17.Rd1 Qc7 18.Na5 Rb8 19.Be3 a6 20.b4 Be6 21.Bxb6 Qxb6 22.
Qxe5 g6 23.Qf4 Bg7 24.Rd6 Qb5 25.Qd2 Be5 26.a4 Bxc3 27.axb5 Bxd2 28.Rxd2 
axb5 1-0

[Event "zonal 1.1b"]
[Site "Brussels BEL"]
[Date "1993.??.??"]
[Round "7"]
[White "Renet, Olivier"]
[Black "Nijboer, Friso"]
[Result "1-0"]
[WhiteElo "2535"]
[BlackElo "2505"]
[EventDate "1993.04.??"]
[PlyCount "74"]

1.c4 g6 2.Nc3 Bg7 3.d4 Nf6 4.e4 d6 5.f3 e5 6.Nge2 O-O 7.Bg5 c6 8.Qd2 Nbd7 
9.d5 cxd5 10.Nxd5 h6 11.Be3 Nxd5 12.Qxd5 Nb6 13.Qb5 Be6 14.Nc3 Rc8 15.b3 
f5 16.Rd1 Rc6 17.Qa5 Nc8 18.Qxd8 Rxd8 19.Bd3 b6 20.Nd5 f4 21.Bf2 Kf7 22.g4
Ne7 23.h4 Rcc8 24.Nxe7 Kxe7 25.Kd2 Rd7 26.Rc1 Kf7 27.Rc2 Bf6 28.Rhc1 Bd8 
29.Ke2 a5 30.Rd1 Ra7 31.a4 Rc6 32.Rh1 Bc7 33.Rcc1 Ra8 34.Rh2 Kg7 35.Kd2 
Rb8 36.Bf1 Rc8 37.Bh3 Kh7 1-0